Islam (Record no. 46233)
[ view plain ]
| 000 -LEADER | |
|---|---|
| fixed length control field | 00674nam a22002537a 4500 |
| 003 - CONTROL NUMBER IDENTIFIER | |
| control field | 0 |
| 005 - DATE AND TIME OF LATEST TRANSACTION | |
| control field | 20160609165027.0 |
| 008 - FIXED-LENGTH DATA ELEMENTS--GENERAL INFORMATION | |
| fixed length control field | 091001t xxu||||| |||| 00| 0 eng d |
| 020 ## - NUMERO INTERNATIONAL NORMALISE DES LIVRES | |
| International Standard Book Number | 2-07-077426-0 |
| 040 ## - SOURCE DU CATALOGAGE | |
| Original cataloging agency | BUAC |
| Language of cataloging | FR |
| Transcribing agency | BAC |
| 041 ## - CODE DE LANGUE | |
| Language code of text/sound track or separate title | FR |
| 082 ## - DEWEY DECIMAL CLASSIFICATION NUMBER | |
| Classification number | 297 LEW |
| 100 ## - VEDETTE PRINCIPALE - NOM DE PERSONNE | |
| Personal name | Lewis, Bernard |
| 9 (RLIN) | 951 |
| 245 ## - TITLE STATEMENT | |
| Title | Islam |
| Statement of responsibility, etc | /Bernard Lewis |
| 260 ## - PUBLICATION, DISTRIBUTION, ETC. (IMPRINT) | |
| Place of publication, distribution, etc | Paris |
| Name of publisher, distributor, etc | Quarto; Gallimard |
| Date of publication, distribution, etc | 2005 |
| 300 ## - PHYSICAL DESCRIPTION | |
| Extent | 1333p. |
| Other physical details | Couv. en coul. |
| Dimensions | 20 cm |
| 650 ## - SUBJECT ADDED ENTRY--TOPICAL TERM | |
| Topical term or geographic name as entry element | Islam |
| 9 (RLIN) | 952 |
| 650 ## - SUBJECT ADDED ENTRY--TOPICAL TERM | |
| Topical term or geographic name as entry element | Société musulmane |
| 9 (RLIN) | 953 |
| 650 ## - SUBJECT ADDED ENTRY--TOPICAL TERM | |
| Topical term or geographic name as entry element | Language de l'Islam |
| 9 (RLIN) | 954 |
| 650 ## - SUBJECT ADDED ENTRY--TOPICAL TERM | |
| Topical term or geographic name as entry element | Modernité |
| 9 (RLIN) | 955 |
| 700 ## - ADDED ENTRY--PERSONAL NAME | |
| Personal name | Trad. de Denis-Armand Canal |
| 9 (RLIN) | 956 |
| 700 ## - ADDED ENTRY--PERSONAL NAME | |
| Personal name | Saint-James, Rose |
| 9 (RLIN) | 957 |
| 942 ## - ADDED ENTRY ELEMENTS (KOHA) | |
| Koha item type | Livre |
| Withdrawn status | Lost status | Damaged status | Not for loan | Location (home branch) | Sublocation or collection (holding branch) | Date acquired | Source of acquisition | Koha issues (times borrowed) | Koha full call number | Piece designation (barcode) | Koha date last seen | Copy number | Price effective from | Koha item type |
|---|---|---|---|---|---|---|---|---|---|---|---|---|---|---|
| Bibliothèque American Corner de l'UAC | Bibliothèque American Corner de l'UAC | 01/10/2009 | Don CCA | 297 LEW | 00118BAC | 01/10/2009 | 1 | 01/10/2009 | Livre | |||||
| Bibliothèque American Corner de l'UAC | Bibliothèque American Corner de l'UAC | 01/10/2009 | Don CCA | 297 LEW | 00117BAC | 01/10/2009 | 2 | 01/10/2009 | Livre |